Espíritu de las universidades norteamericanas
שמור ב:
| מחבר ראשי: | |
|---|---|
| פורמט: | ספר |
| שפה: | ספרדית |
| יצא לאור: |
Buenos Aires
Biblioteca Pleamar
1956
|
| סדרה: | Biblioteca Conocimiento
|
| נושאים: | |
| תגים: |
הוספת תג
אין תגיות, היה/י הראשונ/ה לתייג את הרשומה!
|
MARC
| LEADER | 00000nam a2200000 a 4500 | ||
|---|---|---|---|
| 001 | UCZ7072 | ||
| 003 | CL-VaPUC | ||
| 008 | 951222e19560000AG |||||||||||||||||spa|d | ||
| 082 | 0 | 4 | |a 378.155 |b CAS |2 21 |
| 100 | 0 | |a Casey, Alfredo |e author |9 351788 | |
| 245 | 1 | 0 | |a Espíritu de las universidades norteamericanas |
| 300 | |a 178 p | ||
| 942 | |c BK | ||
| 945 | |d 19951222 00:00:00 |a cmena | ||
| 260 | |a Buenos Aires |b Biblioteca Pleamar |c 1956 | ||
| 650 | 0 | |a Universidades |9 256317 | |
| 650 | 0 | |a Educación superior |9 223851 | |
| 650 | 0 | |a Estado y educación |9 311264 | |
| 650 | 0 | |a Rol del docente |9 329733 | |
| 650 | 0 | |a Administración de la enseñanza |9 261034 | |
| 650 | 0 | |a Gestión educacional |9 261035 | |
| 583 | |a last modification |c 19951222 00:00:00 |k Rodrigo Vera | ||
| 490 | 0 | |a Biblioteca Conocimiento | |
| 999 | |c 243195 |d 243193 | ||
| 952 | |0 0 |1 0 |4 0 |6 378_155000000000000_CAS_1956 |7 0 |8 P |9 256679 |a BIBEDU |b BIBEDU |c BIBEDU_PB |d 2019-11-19 |i 1608533 |o 378.155 CAS 1956 |p 1608533 |r 2019-11-19 |w 2019-11-19 |y BK |k EDU | ||
| 952 | |0 0 |1 0 |4 0 |6 378_155000000000000_CAS_1956 |7 0 |8 P |9 256680 |a BIBEDU |b BIBEDU |c BIBEDU_PB |d 2019-11-19 |i 1629336 |o 378.155 CAS 1956 |p 1629336 |r 2019-11-19 |w 2019-11-19 |y BK |k EDU | ||